| 000 | 00457nam a22001697a 4500 | ||
|---|---|---|---|
| 003 | OSt | ||
| 005 | 20120302151714.0 | ||
| 008 | 091126t xxu||||| |||| 00| 0 eng d | ||
| 035 | _a१६८८५ | ||
| 040 | _cमराठी | ||
| 100 |
_aपाठक,मंगेश _910504 |
||
| 222 | _aकाच | ||
| 245 | _aकाचेची कहाणी | ||
| 260 |
_aपुणे _bजयदीप |
||
| 300 | _b३० पाने | ||
| 942 |
_2ddc _cBOOK |
||
| 999 |
_c495203 _d495200 |
||